Detalles MARC
| 000 -ENCABEZADO |
| Número de control [NR] |
02357nam a2200301Ia 4500 |
| 005 - FECHA Y HORA DE LA ÚLTIMA TRANSACCIÓN |
| control field |
20210202125534.0 |
| 008 - DE LONGITUD FIJA DE DATOS DE ELEMENTOS - INFORMACIÓN GENERAL |
| Elementos de longitud fija [NR] |
130821r1552 fr frd 1 latsd |
| 040 ## - FUENTE DE CATALOGACION [NR] |
| Agencia de catalogación original [NR] |
Co-BoUCM |
| Idioma de catalogación [NR] |
spa |
| Quien Cataloga |
Sandra Yazo |
| Quien Clasifica |
Sandra Yazo |
| 041 0# - CODIGO DE IDIOMA [R] |
| Código de idioma para texto/pista de sonido o título separado [R] |
Latín |
| 082 04 - NUMERO DE CLASIFICACION DECIMAL DEWEY [R] |
| Número de clasificación [R] |
291.2 |
| Número de la edición [NR] |
20 |
| 092 ## - SIGNATURA TOPOGRAFICA LOCAL |
| Número de clasificación local |
E07N045 |
| 100 1# - ASIENTO PRINCIPAL--NOMBRE PERSONAL [NR] |
| Nombre personal [NR] |
Mazzolini, Silvestro |
| Fechas asociadas con el nombre [NR] |
1456?-1527? |
| ID Autoridad |
61424 |
| 240 ## - TITULO UNIFORME [NR] |
| Título uniforme [NR] |
<a href="Summa Silvestrina">Summa Silvestrina</a> |
| 242 00 - TRADUCCION DEL TITULO POR LA AGENCIA CATALOGADORA [R] |
| Título [NR] |
Sumas Silvestrinas, merecidamente conocidas como Suma de Sumas. |
| Parte restante del título [NR] |
Parte primera. |
| Mención de responsabilidad, etc. [NR] |
Por el reverendo padre Silvestre de Prierio. |
| Nombre de la parte o sección [R] |
Sumas Silvestrinas, devueltas a su claridad original, parte segunda. |
| Código de idioma del título traducido [NR] |
spa |
| 245 10 - MENCION DE TITULO [NR] |
| Título [NR] |
Sylvestrinae Summae, quae Summa Summarum meritò nuncupatur. |
| Parte restante del título [NR] |
Pars Prima |
| Mención de responsabilidad, etc. [NR] |
Ab reuerendo patre Sylvestro Prierate ... |
| Nombre de la parte/sección de la obra [R] |
Sylvestrinae Summae, nitori suo restitutae, Pars Secunda. |
| 260 ## - PUBLICACION, DISTRIBUCION, ETC. (PIE DE IMPRENTA) [R] |
| Lugar de publicación, distribución, etc. [R] |
Lugduni [Lyon] (Francia) |
| Nombre del editor, distribuidor, etc. [R] |
Apud Haeredes Iacobi Iuntae [En los talleres de los herederos de Jacobo Junta] |
| Fecha de publicación, distribución, etc. [R] |
1552 |
| 300 ## - DESCRIPCION FISICA [R] |
| Extensión [R] |
2 tomos en 1 volumen ([4], 515, [1] ; 542, [3] páginas) |
| Dimensiones [R] |
25 x 18 cm. |
| 500 ## - NOTA GENERAL [R] |
| Nota general [NR] |
Detalles físicos: Encuadernación rígida en madera forrada en cuero, lomo con nervaduras sobre costuras. Tapas repujadas, conserva parte de los herrajes metálicos, raspaduras y desgaste. Conserva parcialmente las guardas, rotas. Portadas impresas en una sola tinta con la marca tipográfica de los editores y varias anotaciones manuscritas, algunas de ellas tachadas. Dedicatoria. Texto impreso en dos columnas con varios tipos y tamaños de letra, muy densas. Mayúsculas capitales. Al inicio de cada artículo sumarios, párrafos numerados. Signaturas y reclamos. Índice al final de cada parte. Papel con mancha de humedad notoria al final. Cortes de una de las obras pintados, marca de tinta en el corte vertical. Empieza a desencuadernarse |
| 505 0# - NOTA DE CONTENIDO CON FORMATO PREESTABLECIDO [R] |
| Nota de contenido con formato preestablecido [NR] |
V.1: ABBAS [Abad] – HUMILITAS [Humildad] -- V.2: IACTANTIA [Jactancia] – ZELUS [Celo]. |
| 506 ## - NOTA DE RESTRICCIONES DE ACCESO [R] |
| Condiciones de acceso [NR] |
Consulta en sala. |
| 520 ## - NOTA DE RESUMEN, ETC. [R] |
| Nota de sumario, etc. [NR] |
Estudio, explicación y desarrollo de varios temas jurídicos, pertenecientes la a teología moral, al derecho civil y al derecho eclesiástico. |
| 546 ## - NOTA DE IDIOMA [R] |
| Nota de idioma [NR] |
Texto en latín. |
| 650 #7 - ASIENTO SECUNDARIO DE MATERIA - TERMINO TEMATICO [R] |
| Término temático o nombre geográfico como elemento de entrada [NR] |
Derecho canónico |
| Subdivisión general [R] |
Obras anteriores a 1800 |
| 9 (RLIN) |
29726 |
| 650 #7 - ASIENTO SECUNDARIO DE MATERIA - TERMINO TEMATICO [R] |
| Término temático o nombre geográfico como elemento de entrada [NR] |
Derecho civil |
| Subdivisión general [R] |
Obras anteriores a 1800 |
| 9 (RLIN) |
29560 |
| 650 #0 - ASIENTO SECUNDARIO DE MATERIA - TERMINO TEMATICO [R] |
| Término temático o nombre geográfico como elemento de entrada [NR] |
Teología moral |
| 9 (RLIN) |
41481 |
| Subdivisión general [R] |
Obras anteriores a 1800 |
| 690 ## - ASUNTO AGREGADO LOCAL DE ENTRADA - TÉRMINO TEMÁTICO (OCLC, RLIN) |
| Acceso temático local |
Teología |
| 9 (RLIN) |
25230 |
| 942 ## - ELEMENTOS DE ENTRADA AGREGADOS (KOHA) |
| Tipo de ítem principal el descrito en 300a |
Libro |
| Tema principal |
8 |
| Edición |
1 |
| Sistema de clasificación |
LOCAL |
| Clasificación |
E07N045 |